000 00757nam a22002057a 4500
999 _c8663
_d8663
003 AR-CdUCM
008 190325b ||||| |||| 00| 0 spa d
040 _aMUNICIPALIDAD PROVINCIAL DEL CUSCO
_cBIBLIOTECA MUNICIPAL DEL CUSCO
082 _a371 /
_bH25
100 _aHauch, Charles C.
_924218
245 _aEducational trends in the caribbean :
_bEuropean affiliated areas /
260 _aWashington :
_bUnited States government printing office,
_c1960.
300 _a153 páginas ;
_c23 cm.
505 _aContent : General considerations -- British affiliated areas -- Netherlands and french affiliated areas.
650 _aEducación
_9460
650 _aTendencias educativas
_924219
650 _aCaribe
_924220
942 _2ddc
_cLIBROS
945 _azta